000
00309nam a2200097Ia 4500
082
_a
649.6 KROO
245
0
_a
Entrepreneurial skills for your child : guidelines for parents
100
_a
KROON, Susan Wellington, 2003 1st ed
_9
96557
942
_c
BK
008
210817s9999 xx 000 0 und d
999
_c
406176
_d
406175